Sports Quiz

Random Sports or Clickable Quiz
Score 0/12 Timer 04:00
0 Plays Today
% Correct
Most decorated Olympian of all time
90%
Broke 4 minute mile barrier
90%
NFL record for passing yards in a season
90%
Broke color barrier in Major League Baseball
80%
Scored 5 goals in 5 different ways in a single NHL game
80%
12x US national speed skating champion
80%
39x tennis Grand Slam winner
70%
Most Grand Slam singles titles in history
70%
NBA record for most All Star Games started
60%
NBA record for most career points
60%
First NBA player to average a triple-double for a season
60%
Often regarded as one of the best defensive boxers in history
50%
Come Together.
Have Fun.
All Virtual.
We all need to come together. Play Sporcle's virtual live trivia to have fun, connect with people, and get your trivia on. Join a live hosted trivia game for your favorite pub trivia experience done virtually. If a virtual private party is more your thing, go here for details.

You're not logged in!

Compare scores with friends on all Sporcle quizzes.
OR
Log In

Sporcle TV

Today on Sporcle TV


Watch our educational content, quiz creation guides, and fun videos on Sporcle TV.

Show Comments

Extras

Top Quizzes Today


Score Distribution

Paid Content

Your Account Isn't Verified!

In order to create a playlist on Sporcle, you need to verify the email address you used during registration. Go to your Sporcle Settings to finish the process.

Report this User

Report this user for behavior that violates our Community Guidelines.

Details: